000 00853nam0a22002651 4500
001 rc\4486625
005 20130416171608.2
021 _aRU
_b[65-17913]
035 _a(NLR Aleph) 008605705
090 _a8732069
_c8732069
100 _a20130416d1965 |||y0rusy50 ca
101 0 _arus
102 _aRU
105 _aa z |||||
200 1 _aНовый тип двигателя внутреннего сгорания
210 _aЛенинград
_cСудостроение
_d1965
215 _a211 с.
_cил.
_d22
320 _aБиблиогр.: с. 209-210 (38 назв.)
606 _aДвигатели внутреннего сгорания
_2psbo
700 1 _aКушуль
_bВ. М.
_gВениамин Моисеевич
801 0 _aRU
_bNLR
_gpsbo
801 1 _aRU
_bELAR
_2rusmarc
852 _aNLR
_j65-5/1330
942 _cBOOK
980 _aNB